000 00742nam a2200289Ia 4500
005 20260324120033.0
008 008 260324s9999 xx 000 0 eng d
020 _a9781315610528
037 _aEBOOK
040 _aCRL
040 _beng
040 _cCRL
041 _2eng
041 _aeng
084 _qCRL
100 _aKristin M.S. Bezio
_91156987
245 0 _aStaging Power in Tudor and Stuart English History Plays
245 0 _bHistory, Political Thought, and the Redefinition of Sovereignty
260 _bTaylor and Francis
260 _c2015
365 _a
365 _b230
856 _uhttp://www.taylorfrancis.com/books/9781315610528
942 _cEBOOK
999 _c1748283
_d1748283